| 000 | 00406cam a2200169ua 4500 | ||
|---|---|---|---|
| 020 | _c125.00 | ||
| 041 |
_aeng _h |
||
| 082 |
_a690.15 _bJEE/TE |
||
| 100 | _aJee, J . | ||
| 245 |
_aTeach yourself roofing / _cJ.Jee. _hTextual Documents |
||
| 260 |
_aLondon : _bEnglish Universities Press , _c1958. |
||
| 300 | _a157 ; . | ||
| 365 | _a125.00 | ||
| 504 | _a | ||
| 942 | _cBK | ||
| 999 |
_c1832 _d1832 |
||